000 00726nam a2200277Ia 4500
005 20260320195813.0
008 008 262003s9999 xx 000 0 hin d
020 _a9788126726554
037 _aEBOOK
040 _aCRL
040 _bhin
040 _cCRL
041 _2hin
041 _ahin
084 _qCRL
100 _aकुमार अंबुज
_91133002
245 0 _aप्रतिनिधि कविताएँ : कुमार अम्बुज
250 _a4th
260 _bRajkamal
260 _c2014
300 _a136
856 _uhttps://ebook.indiaread.in/pdfs/676_pratinidhi_kavitayen_by_kumar_ambuj.pdf
942 _cEBOOK
999 _c1716589
_d1716589